000 00280nam a2200133Ia 4500
008 230312s9999||||xx |||||||||||||| ||und||
082 _a891.4
_bQUD-A
100 _aQudsia, Bano
245 0 _aAik Din
260 _bSangeMeel
300 _a108
650 _aLiterature
942 _cBK
999 _c8656
_d8656